It looks like you're offline.
Open Library logo
additional options menu

MARC record from Internet Archive

LEADER: 01223cam 2200325Mi 4500
001 ocn874045348
003 OCoLC
005 20211211085122.0
008 140320s2011 onca 000 0 eng d
040 $aNLGGC$beng$efobidrtb$cNLGGC$dOCLCO$dOCLCF$dOCLCO$dOCLCQ$dOCLCO$dOCL
020 $a9780986880308
020 $a0986880302
035 $a(OCoLC)874045348
100 1 $aSinger, Jack W.,$d1922-
245 10 $aGrandpa's war in Bomber Command /$cby Jack W. Singer.
260 $aOttawa, ON :$bThe War Amps,$c2011.
300 $aix, 324 pages :$billustrations ;$c23 cm
336 $atext$btxt$2rdacontent
337 $aunmediated$bn$2rdamedia
338 $avolume$bnc$2rdacarrier
650 0 $aWorld War, 1939-1945$xAerial operations, Canadian.
650 0 $aWorld War, 1939-1945$vPersonal narratives, Canadian.
610 24 $aGreat Britain.$bRoyal Air Force.$bBomber Command.
650 7 $aMilitary operations, Aerial$xCanadian.$2fast$0(OCoLC)fst01710207
647 7 $aWorld War$d(1939-1945)$2fast$0(OCoLC)fst01180924
648 7 $a1939-1945$2fast
655 7 $aPersonal narratives$vCanadian.$2fast$0(OCoLC)fst01424090
029 0 $aNLGGC$b372806961
994 $aZ0$bP4A
948 $hNO HOLDINGS IN P4A - 4 OTHER HOLDINGS